Never Know - Bad Omens - Statistics

General Stats
  • This quiz has been taken 13 times
  • The average score is 241 of 286
Answer Stats
𖤝 % Correct
a
100%
Don't
100%
don't
100%
I
100%
in
100%
know
100%
me
100%
me,
100%
never
100%
the
100%
and
88%
but
88%
But
88%
go
88%
hell
88%
I'm
88%
Lying
88%
No
88%
okay
88%
see,
88%
see
88%
to
88%
we
88%
We'll
88%
we'll
88%
about
75%
another
75%
better
75%
between
75%
call
75%
Choking
75%
choking
75%
every
75%
into
75%
it
75%
just
75%
leave
75%
like
75%
looks
75%
memories,
75%
off
75%
on
75%
out
75%
paradise
75%
said
75%
Show
75%
way
75%
what
75%
which
75%
without
75%
word
75%
world,
75%
world
75%
you
75%
You
75%
you're
75%
breathe
63%
can
63%
can't
63%
could
63%
finally
63%
for
63%
I'll
63%
languages
63%
need
63%
peace
63%
read
63%
rest
63%
Speaking
63%
spell
63%
When
63%
down,
50%
down
50%
drug
50%
spit
50%
stay
50%
Swallowed
50%
that
50%
up
50%
wouldn't
50%
No matching quizzes found
Score Distribution
Percent of People with Each Score
Percentile by Number Answered
Your Score History
You have not taken this quiz